000
00275nam a2200109Ia 4500
008
190907s9999||||xx |||||||||||||| ||und||
100
_a
Coulouris, George
245
0
_a
Distributed Systems Concepts and Design
260
_a
USA
_b
McGraw-Hill
_c
2000
300
_a
644
942
_c
BK
999
_c
6493
_d
6493